000 00334nam a2200157Ia 4500
100 _aDutt/J
650 _aElectrical Engineering
942 _cBK
654 _aPower
245 _aElectrical Power II
260 _bShasikant Prakashan
_aBombay
_c1968
082 _a621.3
_bDUT
300 _a264
546 _aENGLISH
999 _c27823
_d27823